[Event "Niederrhein-ch"]
[Site "Niederrhein"]
[Date "2005.03.18"]
[Round "1"]
[White "Gruenhagen, Marc"]
[Black "Kamal, Behnam"]
[Result "1-0"]
[WhiteElo "1993"]
[BlackElo "1634"]
[PlyCount "53"]
[EventDate "2005.03.18"]
[EventType "swiss"]
[EventRounds "9"]
[EventCountry "GER"]
[SourceTitle "CBM 105 Extra"]
[Source "ChessBase"]
[SourceDate "2005.05.01"]
[SourceVersion "1"]
[SourceVersionDate "2005.05.01"]
[SourceQuality "1"]

1. d4 d5 2. c4 c6 3. Nf3 Bg4 4. Ne5 Bh5 5. cxd5 Qxd5 6. Nc3 Qd8 7. g4 Bg6 8. h4 f6 9. Nxg6 hxg6 10. Qc2 g5 11. Qg6+ Kd7 12. Bg2 gxh4 13. Bf4 Qe8 14. Qd3 e6 15. d5 exd5 16. Nxd5 cxd5 17. Qxd5+ Ke7 18. Bd6+ Kd8 19. Bxf8+ Nd7 20. Rd1 Ne7 21. Qxb7 Rc8 22. Bxg7 Rg8 23. Bxf6 Rxg4 24. Bc6 Rc7 25. Qb8+ Rc8 26. Qb5 Rc7 27. Bxd7 1-0

[Event "Niederrhein-ch"]
[Site "Niederrhein"]
[Date "2003.04.17"]
[Round "7"]
[White "Schott, Detlef"]
[Black "Kamal, Behnam"]
[Result "1-0"]
[WhiteElo "1840"]
[BlackElo "1439"]
[PlyCount "95"]
[EventDate "2003.04.11"]
[EventType "swiss"]
[EventRounds "9"]
[EventCountry "GER"]
[SourceTitle "EXT 2006"]
[Source "ChessBase"]
[SourceDate "2005.11.24"]
[SourceVersion "1"]
[SourceVersionDate "2005.11.24"]
[SourceQuality "1"]

1. c4 c5 2. Nc3 Nc6 3. Nf3 b6 4. g3 Bb7 5. Bg2 g6 6. 0-0 Bg7 7. d3 Nf6 8. e3 d6 9. d4 cxd4 10. exd4 0-0 11. d5 Nb8 12. Qe2 Nbd7 13. Bf4 Rc8 14. b3 Re8 15. Rae1 Ba6 16. Qd2 Nc5 17. h3 Qd7 18. Bh6 b5 19. b4 Nb7 20. cxb5 Bxb5 21. Nxb5 Qxb5 22. Bxg7 Kxg7 23. Nd4 Qa4 24. Nc6 Rc7 25. Rc1 Nd8 26. Rfe1 Nxc6 27. dxc6 a6 28. Re3 Ng8 29. a3 Rb8 30. Qd4+ Kf8 31. Qh8 h6 32. f4 a5 33. bxa5 Qxa5 34. Qc3 Qxc3 35. Rexc3 e6 36. Bf1 d5 37. Ba6 Ke7 38. Bb7 Kd6 39. a4 Ne7 40. a5 d4 41. Rc4 Nc8 42. Rxd4+ Ke7 43. Rcd1 Rcxb7 44. cxb7 Rxb7 45. Rc4 Na7 46. a6 Rd7 47. Rxd7+ Kxd7 48. Rb4 1-0

[Event "Niederrhein-ch"]
[Site "Niederrhein"]
[Date "2003.04.16"]
[Round "6"]
[White "Kamal, Behnam"]
[Black "Rezasade, Mohammad"]
[Result "0-1"]
[WhiteElo "1439"]
[BlackElo "2071"]
[PlyCount "64"]
[EventDate "2003.04.11"]
[EventType "swiss"]
[EventRounds "9"]
[EventCountry "GER"]
[SourceTitle "EXT 2006"]
[Source "ChessBase"]
[SourceDate "2005.11.24"]
[SourceVersion "1"]
[SourceVersionDate "2005.11.24"]
[SourceQuality "1"]

1. d4 Nf6 2. c4 g6 3. Nf3 Bg7 4. Nc3 0-0 5. e4 d6 6. Be2 Nbd7 7. Be3 e5 8. Qd2 Ng4 9. 0-0 Nxe3 10. fxe3 c6 11. Rf2 Qe7 12. Raf1 Nf6 13. Bd3 Ng4 14. Re2 Bh6 15. d5 Bd7 16. h3 Nf6 17. Nh2 Nh5 18. Rf3 f5 19. exf5 gxf5 20. g4 e4 21. Bxe4 fxe4 22. Rxf8+ Rxf8 23. gxh5 Bxh3 24. Rf2 Re8 25. Nd1 c5 26. Nf1 Qg5+ 27. Kh1 Kh8 28. Rf7 Rg8 29. Qh2 Bg2+ 30. Kg1 Bf3+ 31. Kf2 Bxd1 32. Ng3 Qxe3+ 0-1

[Event "Niederrhein-ch"]
[Site "Niederrhein"]
[Date "2003.04.15"]
[Round "5"]
[White "Kamal, Behnam"]
[Black "Naber, Armin"]
[Result "1-0"]
[WhiteElo "1439"]
[BlackElo "1711"]
[PlyCount "67"]
[EventDate "2003.04.11"]
[EventType "swiss"]
[EventRounds "9"]
[EventCountry "GER"]
[SourceTitle "EXT 2006"]
[Source "ChessBase"]
[SourceDate "2005.11.24"]
[SourceVersion "1"]
[SourceVersionDate "2005.11.24"]
[SourceQuality "1"]

1. d4 d5 2. c4 c6 3. e3 Nf6 4. Nc3 g6 5. Nf3 Bg7 6. Bd3 0-0 7. 0-0 Nbd7 8. Rb1 Re8 9. Qb3 e6 10. Qc2 Qc7 11. b3 e5 12. dxe5 Nxe5 13. Nxe5 Rxe5 14. Bb2 Rh5 15. f4 Ng4 16. Rfe1 d4 17. Ne2 Nxe3 18. Qd2 c5 19. Be4 Bh6 20. g3 Be6 21. Nxd4 cxd4 22. Qxd4 Kf8 23. Rxe3 Ke8 24. Qh8+ Bf8 25. Ba3 Rc5 26. Bxc5 Qxc5 27. Rbe1 Rd8 28. Bd5 Kd7 29. Bxe6+ fxe6 30. Qe5 Qxe5 31. Rxe5 Re8 32. Kg2 Bb4 33. R1e2 Kd6 34. Rb5 1-0